00510pam a2200157 a 4500020001700000082002600017100001900043245006700062260008800129300002900217500002000246526003700266650001700303650000800320650002400328 a0853122814 :00a620.1bEDMcL-5, P-741 aEdmunds, H. G.10aMechanical foundations of engineering science /cH.G. Edmunds. aChichester, West Sussex, England :bE. Horwood ;aNew York :bHalsted Press,c1981. a429 p. :bill. ;c24 cm. aIncludes index. a0b0c0d620_100000000000000_EDM 0aEngineering. 0aMCE 0aMechanics, Applied.